=LDR 00000nam 2200000 4500 =001 INLIS000000000032321 =005 20130612134332 =008 ***********************************ind** =035 ##$$0010-061300000032321 =041 ##$$a ind =090 ##$$a 2X4.003, Ala r =100 ##$$a AL - ASQALANI, Ibnu Hajar =245 ##$$a Ringkasan Al-targhib wa al-taRHIB, iBNU hAJAR aL - aSQALANI ; Penerjemah : Syarief =260 ##$$a 2009 $b Jakarta =300 ##$$a 517 hlm, illus, 24 cm =650 ##$$a Hukum - Islam - Ensiklopedi =850 ##$$a NBPNMAT